书目信息 |
| 题名: |
黄瓜园画谱
|
|
| 作者: | 二乾书屋主人 编撰 | |
| 分册: | 山水册 | |
| 出版信息: | 南京 江苏美术出版社 1998.07 |
|
| 页数: | 310页 | |
| 开本: | 26cm | |
| 丛书名: | ||
| 单 册: | ||
| 中图分类: | J221.9 | |
| 科图分类: | ||
| 主题词: | 绘画--临本--中国 | |
| 电子资源: | ||
| ISBN: | 7-5344-0763-X | |
| 000 | 00601nam0 2200205 45 | |
| 001 | 0205141503 | |
| 005 | 20041124160119.2 | |
| 010 | @a7-5344-0763-X@dCNY45.00 | |
| 100 | @a20020514d1998 km y0chiy0120 ea | |
| 101 | 0 | @achi |
| 105 | @af z 000yy | |
| 200 | 1 | @a黄瓜园画谱@AHuang Gua Yuan Hua Pu@i山水册@f二乾书屋主人编撰@FEr Qian Shu Wu Zhu Ren Bian Zhuan |
| 210 | @a南京@c江苏美术出版社@d1998.07 | |
| 215 | @a310页@d26cm | |
| 517 | @a山水册@AShan Shui Ce | |
| 606 | 0 | @a绘画@x临本@y中国 |
| 690 | @aJ221.9@v4 | |
| 701 | @a二乾书屋主人@4编撰 | |
| 801 | @aCN@bTSTC@c20020514 | |
| 905 | @dJ221.9@e34:1 | |
| 黄瓜园画谱.山水册/二乾书屋主人编撰.-南京:江苏美术出版社,1998.07 |
| 310页;26cm |
| ISBN 7-5344-0763-X:CNY45.00 |
| ● |
| 相关链接 |
|
|
|
|
正题名:黄瓜园画谱
索取号:J221.9/34:1
 
预约/预借
| 序号 | 登录号 | 条形码 | 馆藏地/架位号 | 状态 | 备注 |
| 1 | 0309895 | 203098959 | 第一借阅区/ [索取号:J221.9/34:1] | 在馆 | |
| 2 | 0309896 | 203098968 | 第一借阅区/ [索取号:J221.9/34:1] | 在馆 | |
| 3 | 0309897 | 203098977 | 第一样本阅览室/ [索取号:J221.9/34:1] | 在馆 |